000 00475nam a2200205Ia 4500
001 153693
003 247837
005 20241005062822.0
008 ||||||n9999 ||| || ||
041 _aspa
082 _a303.33
245 0 _aAcuerdos de El Salvador
_ben el camino de la paz
250 _aReimpresión
562 _e1
650 0 _aAcuerdos de paz
_992058
650 _aPAZ--EL SALVADOR
_9191285
942 _cBKM
999 _c153693
_d153693
526 _a105630
526 _a1698